European country codes - Sudden death - Statistics

General Stats
  • This quiz has been taken 56 times
  • The average score is 4 of 11
Answers on the Grid
Answers color-coded by a green-red scale on the quiz's grid according to % correct below.
AB
CH
CY
CZ
DE
DK
DZ
EE
EL
GC
GE
IE
KH
LI
MK
MT
NC
NM
PL
PO
SB
SW
 
Answer Stats
Answer % Correct
CZ
76%
DE
72%
DK
59%
CH
48%
EE
34%
PL
34%
CY
28%
IE
21%
LI
21%
MK
17%
EL
7%
No matching quizzes found
Score Distribution
Percent of People with Each Score
Percentile by Number Answered
Your Score History
You have not taken this quiz